| 000 | 00581nam a22001097a 4500 | ||
|---|---|---|---|
| 008 | 150611b xxu||||| |||| 00| 0 eng d | ||
| 010 | _8SCCAF:1b | ||
| 245 | _aSUPREME COURT CIVIL APPEAL NO.07 OF 2010 CHOGM Tour Agents 2007(U)Ltd. Vs Masaka Municipal Council Local Government | ||
| 260 | _aSupreme Court Kampala | ||
| 500 | _3(An appeal from the judgement and orders of the Court Of Appeal at Kampala,(Mukasa-Kikonyogo,DCJ;Twinomujuni and Kitumba;JJA) dated 25th day of November 2009,in Civil Appeal No.32 of 2009) | ||
| 500 | _3BEFORE:(Mukasa-Kikonyogo,DCJ;Twinomujuni and Kitumba;JJA) | ||
| 999 |
_c6111 _d6111 |
||